[Event "Minsk Kupreichik Memorial op"]
[Site "Minsk"]
[Date "2018.06.21"]
[Round "4"]
[White "Rybakova, Polina"]
[Black "Kashtelyan, Valentin"]
[Result "1-0"]
[WhiteElo "1847"]
[BlackElo "1488"]
[PlyCount "95"]
[EventDate "2018.06.21"]
[EventType "swiss (rapid)"]
[EventRounds "11"]
[EventCountry "BLR"]
[SourceTitle "CBM 185 Extra"]
[Source "ChessBase"]
[SourceDate "2018.07.29"]
[SourceVersion "1"]
[SourceVersionDate "2018.07.29"]
[SourceQuality "1"]

1. e4 c5 2. Nf3 Nc6 3. Bb5 Qc7 4. 0-0 e6 5. Nc3 Nge7 6. d4 cxd4 7. Nxd4 a6 8. Be2 Ng6 9. Kh1 Be7 10. Nxc6 bxc6 11. f4 d5 12. f5 Ne5 13. Bf4 0-0 14. Bg3 f6 15. fxe6 Bxe6 16. exd5 Rfd8 17. Bf3 Qa5 18. Bxe5 fxe5 19. Qe2 Bxd5 20. Nxd5 cxd5 21. Qxe5 Bf6 22. Qe6+ Kh8 23. c3 Rab8 24. Rad1 Rb6 25. Qe2 h6 26. Bxd5 Rbd6 27. Bb3 Qe5 28. Qxe5 Bxe5 29. Rfe1 Bf4 30. g3 Rxd1 31. Rxd1 Rxd1+ 32. Bxd1 Bd2 33. Kg2 Kg8 34. Kf3 Kf7 35. Ke2 Bg5 36. b4 Ke6 37. Bb3+ Kd6 38. Bc4 Bf6 39. Kd3 a5 40. bxa5 Kc5 41. a6 Kb6 42. a4 Be7 43. Bb5 Bc5 44. Ke4 Bg1 45. h3 Bh2 46. g4 Bg1 47. Kd5 Bc5 48. a7 1-0

[Event "RUS-chT U18"]
[Site "St Petersburg"]
[Date "2015.08.06"]
[Round "6.44"]
[White "Obolentseva, Alexandra"]
[Black "Rybakova, Polina"]
[Result "1-0"]
[WhiteElo "2113"]
[BlackElo "1926"]
[PlyCount "85"]
[EventDate "2015.08.01"]
[EventType "team-swiss"]
[EventRounds "9"]
[EventCountry "RUS"]
[SourceTitle "CBM 167 Extra"]
[Source "ChessBase"]
[SourceDate "2015.09.14"]
[SourceVersion "1"]
[SourceVersionDate "2015.09.14"]
[SourceQuality "1"]
[WhiteTeam "Moscow Palace Youth II"]
[BlackTeam "Vasileostrovsky District"]
[WhiteTeamCountry "RUS"]
[BlackTeamCountry "RUS"]

1. d4 Nf6 2. c4 g6 3. Nc3 Bg7 4. e4 d6 5. Nf3 0-0 6. Be2 e5 7. 0-0 Nc6 8. d5 Ne7 9. b4 Nh5 10. Re1 f5 11. Ng5 Nf6 12. Bf3 c6 13. dxc6 bxc6 14. exf5 Bxf5 15. Bb2 h6 16. Nge4 Nxe4 17. Nxe4 d5 18. Nc5 e4 19. Bxg7 Kxg7 20. Qd4+ Kh7 21. Be2 Qc7 22. cxd5 cxd5 23. Rac1 Qf4 24. g3 Qd6 25. Red1 Nc6 26. Qxd5 Qxd5 27. Rxd5 Nxb4 28. Rd4 Nc6 29. Ra4 a5 30. g4 Bc8 31. Rxe4 Nb4 32. Bc4 h5 33. a3 Na6 34. Re7+ Kh6 35. Bxa6 Bxa6 36. Ne6 hxg4 37. Nxf8 Rxf8 38. Re5 a4 39. Re4 Bb5 40. Rxg4 Rf3 41. Rg3 Rf5 42. Rh3+ Kg5 43. Rhc3 1-0

[Event "RUS-chT U18"]
[Site "St Petersburg"]
[Date "2015.08.04"]
[Round "4.52"]
[White "Rybakova, Polina"]
[Black "Toporkova, Sofia"]
[Result "1/2-1/2"]
[WhiteElo "1926"]
[BlackElo "1945"]
[PlyCount "51"]
[EventDate "2015.08.01"]
[EventType "team-swiss"]
[EventRounds "9"]
[EventCountry "RUS"]
[SourceTitle "CBM 167 Extra"]
[Source "ChessBase"]
[SourceDate "2015.09.14"]
[SourceVersion "1"]
[SourceVersionDate "2015.09.14"]
[SourceQuality "1"]
[WhiteTeam "Vasileostrovsky District"]
[BlackTeam "SDYuSShOR SS II"]
[WhiteTeamCountry "RUS"]
[BlackTeamCountry "RUS"]

1. e4 e6 2. d4 d5 3. Nd2 Be7 4. c3 c5 5. exd5 Qxd5 6. Ngf3 Nc6 7. Bc4 Qd8 8. Nb3 cxd4 9. Nfxd4 Ne5 10. Be2 a6 11. 0-0 Nf6 12. Qc2 0-0 13. f4 Ng6 14. f5 exf5 15. Nxf5 Qb6+ 16. Kh1 Bxf5 17. Qxf5 Rad8 18. Qh3 Qc7 19. Nd4 Qc5 20. Nf5 Nd5 21. Qg4 Nf6 22. Qf3 Ne8 23. Qh5 Nf6 24. Qf3 Ne8 25. Qh5 Nf6 26. Qf3 1/2-1/2

[Event "Voronezh op-B 19th"]
[Site "Voronezh"]
[Date "2015.06.21"]
[Round "9"]
[White "Rolgeizer, Genrikh"]
[Black "Rybakova, Polina"]
[Result "0-1"]
[WhiteElo "1844"]
[BlackElo "1903"]
[PlyCount "146"]
[EventDate "2015.06.12"]
[EventType "swiss"]
[EventRounds "9"]
[EventCountry "RUS"]
[SourceTitle "CBM 167 Extra"]
[Source "ChessBase"]
[SourceDate "2015.09.14"]
[SourceVersion "1"]
[SourceVersionDate "2015.09.14"]
[SourceQuality "1"]

1. e4 e5 2. Nf3 Nc6 3. Bb5 a6 4. Bxc6 dxc6 5. 0-0 Bg4 6. h3 Bxf3 7. Qxf3 Nf6 8. d3 h6 9. Nc3 Qe7 10. a3 0-0-0 11. Be3 Kb8 12. Rad1 g5 13. d4 Bg7 14. Na4 Rhg8 15. Nc5 Nd7 16. Nxd7+ Rxd7 17. dxe5 Rgd8 18. Rxd7 Rxd7 19. Rd1 Bxe5 20. c3 b6 21. Bd4 Qd6 22. Rd2 Qe6 23. Qe2 Bf4 24. Be3 Bxe3 25. Qxe3 Rxd2 26. Qxd2 Qxe4 27. f3 Qb1+ 28. Kf2 Kb7 29. Qe2 f5 30. Qd2 a5 31. Ke2 f4 32. Kf2 h5 33. Ke2 Qa2 34. Kd3 Qb3 35. Ke4 Qb5 36. h4 Qc4+ 37. Kf5 Qc5+ 38. Ke4 Qe7+ 39. Kd3 g4 40. Qxf4 Qxh4 41. fxg4 hxg4 42. g3 Qh7+ 43. Ke3 Qe7+ 44. Kd2 Qe6 45. Qe3 Qd5+ 46. Kc2 Qg2+ 47. Kc1 Qf1+ 48. Kc2 Qf5+ 49. Kc1 c5 50. Qe2 Kc6 51. c4 Qg5+ 52. Kd1 Qd8+ 53. Qd2 Qd4 54. b3 a4 55. bxa4 Qxc4 56. Qh6+ Kb7 57. Qh1+ c6 58. Qh7+ Ka6 59. Qc7 Qxa4+ 60. Kd2 Kb5 61. Qe7 Qd4+ 62. Ke2 Qc4+ 63. Kf2 Qc2+ 64. Kg1 Qd1+ 65. Kh2 Qd2+ 66. Kg1 Qd4+ 67. Kg2 Qd5+ 68. Kg1 Qf3 69. a4+ Kxa4 70. Kh2 Qf2+ 71. Kh1 Qf1+ 72. Kh2 Qh3+ 73. Kg1 Qxg3+ 0-1

[Event "Voronezh op-B 19th"]
[Site "Voronezh"]
[Date "2015.06.14"]
[Round "3"]
[White "Fadin, Evgeny"]
[Black "Rybakova, Polina"]
[Result "1/2-1/2"]
[WhiteElo "2098"]
[BlackElo "1903"]
[PlyCount "152"]
[EventDate "2015.06.12"]
[EventType "swiss"]
[EventRounds "9"]
[EventCountry "RUS"]
[SourceTitle "CBM 167 Extra"]
[Source "ChessBase"]
[SourceDate "2015.09.14"]
[SourceVersion "1"]
[SourceVersionDate "2015.09.14"]
[SourceQuality "1"]

1. e4 c5 2. Nf3 d6 3. d4 cxd4 4. Nxd4 Nf6 5. Nc3 a6 6. Be2 e5 7. Nf3 Be7 8. 0-0 0-0 9. a4 Qc7 10. h3 h6 11. Be3 Be6 12. Nd5 Nxd5 13. exd5 Bf5 14. c4 Bg6 15. Nd2 f5 16. f4 Nd7 17. a5 Bh7 18. b4 g5 19. g3 Kh8 20. Kh2 Rg8 21. Qb3 Rg7 22. Rg1 Rag8 23. Raf1 gxf4 24. gxf4 Rxg1 25. Rxg1 Rxg1 26. Kxg1 Bf8 27. Qd1 Qd8 28. Qe1 Qf6 29. Nf3 Bg8 30. Qd2 Qg6+ 31. Kh2 Bg7 32. Bd1 Nf6 33. Nh4 Qf7 34. Qg2 Bh7 35. Qe2 Qe7 36. Nf3 Ne4 37. Bb3 Bg6 38. Qe1 Bf6 39. Bd1 Kh7 40. c5 exf4 41. Bxf4 dxc5 42. bxc5 Qxc5 43. Bb3 Bf7 44. Qe3 Qxe3 45. Bxe3 Nc3 46. Bc2 Bxd5 47. Bxf5+ Kg7 48. Nd2 Ne2 49. Be4 Nc3 50. Bd3 Na2 51. Bc5 Be5+ 52. Kg1 Nc3 53. Kf2 Nb5 54. Ke3 Bc3 55. Bb6 Bc6 56. Ne4 Be5 57. Nc5 Kf6 58. Be4 Bd4+ 59. Kf4 Be5+ 60. Kg4 Bxe4 61. Nxe4+ Ke7 62. Nc5 Nd6 63. Kh5 Bf4 64. Kg6 Bd2 65. Bc7 Nb5 66. Bb6 Nd6 67. Nb3 Bf4 68. Nc5 Nc4 69. Nxb7 Nxb6 70. Nc5 Nc4 71. Nxa6 Nxa5 72. Nc5 Nc4 73. Ne4 Nd6 74. Nf6 Bg5 75. Ng8+ Ke6 76. Nxh6 Bxh6 1/2-1/2

[Event "EU-ch U16 Girls 24th"]
[Site "Batumi"]
[Date "2014.10.26"]
[Round "7"]
[White "Rybakova, Polina"]
[Black "Vangsgaard, Freja"]
[Result "1/2-1/2"]
[WhiteElo "1801"]
[BlackElo "1842"]
[PlyCount "32"]
[EventDate "2014.10.19"]
[EventType "swiss"]
[EventRounds "9"]
[EventCountry "GEO"]
[SourceTitle "EXT 2015"]
[Source "ChessBase"]
[SourceDate "2014.11.20"]
[SourceVersion "1"]
[SourceVersionDate "2014.11.20"]
[SourceQuality "1"]

1. e4 d5 2. exd5 Qxd5 3. Nc3 Qa5 4. d4 Nf6 5. Nf3 Bf5 6. Bc4 e6 7. Bd2 c6 8. Nd5 Qd8 9. Nxf6+ gxf6 10. 0-0 Bd6 11. Re1 Qc7 12. d5 cxd5 13. Bxd5 Nc6 14. Bxc6+ Qxc6 15. Nd4 Qc5 16. Nxf5 Qxf5 1/2-1/2

[Event "EU-ch U16 Girls 24th"]
[Site "Batumi"]
[Date "2014.10.22"]
[Round "4"]
[White "Drogovoz, Maria"]
[Black "Rybakova, Polina"]
[Result "1-0"]
[WhiteElo "2167"]
[BlackElo "1801"]
[PlyCount "77"]
[EventDate "2014.10.19"]
[EventType "swiss"]
[EventRounds "9"]
[EventCountry "GEO"]
[SourceTitle "EXT 2015"]
[Source "ChessBase"]
[SourceDate "2014.11.20"]
[SourceVersion "1"]
[SourceVersionDate "2014.11.20"]
[SourceQuality "1"]

1. e4 c5 2. Nf3 d6 3. d4 cxd4 4. Nxd4 Nf6 5. Nc3 a6 6. h3 e5 7. Nb3 Be7 8. Be3 Be6 9. Qf3 b5 10. Nd5 Bxd5 11. exd5 0-0 12. 0-0-0 Qc7 13. Bd3 Rc8 14. g4 Nbd7 15. g5 Ne8 16. h4 Nf8 17. h5 g6 18. Kb1 Bd8 19. hxg6 fxg6 20. Qe4 Qf7 21. f4 exf4 22. Bxf4 Bb6 23. Rdf1 Qg7 24. Bd2 Ra7 25. Re1 Qd7 26. Nd4 Bxd4 27. Qxd4 Qg7 28. Qxg7+ Nxg7 29. Bf4 Rd7 30. b3 Nh5 31. Bh2 Rc5 32. c4 bxc4 33. Bxc4 a5 34. Rhf1 Rc8 35. Be2 Re8 36. Bg4 Rxe1+ 37. Rxe1 Rd8 38. Re7 Ng7 39. Ra7 1-0

[Event "Chigorin Memorial 21st"]
[Site "St Petersburg"]
[Date "2013.10.08"]
[Round "4"]
[White "Mokshanov, Igor"]
[Black "Rybakova, Polina"]
[Result "1-0"]
[WhiteElo "1888"]
[BlackElo "1794"]
[PlyCount "71"]
[EventDate "2013.10.05"]
[EventType "swiss"]
[EventRounds "9"]
[EventCountry "RUS"]
[SourceTitle "CBM 156 Extra"]
[Source "ChessBase"]
[SourceDate "2013.10.22"]
[SourceVersion "1"]
[SourceVersionDate "2013.10.22"]
[SourceQuality "1"]

1. e4 c5 2. Nf3 d6 3. Bb5+ Bd7 4. Bxd7+ Qxd7 5. 0-0 Nf6 6. Qe2 Nc6 7. b3 g6 8. Bb2 Bg7 9. c4 e5 10. Nc3 0-0 11. Nd5 Nd4 12. Nxd4 exd4 13. Nxf6+ Bxf6 14. d3 Bg7 15. Bc1 Rfe8 16. Bd2 Rad8 17. Rfe1 Qc7 18. Qg4 a6 19. f4 b5 20. Rf1 f5 21. exf5 Qd7 22. Rae1 Rf8 23. Qf3 Rxf5 24. g4 Rf7 25. Re2 b4 26. h3 Kh8 27. Qd5 h5 28. Re6 Rf6 29. f5 gxf5 30. Rxf6 Bxf6 31. Rxf5 Qe7 32. Rxh5+ Kg7 33. Bh6+ Kg6 34. Qf5+ Kf7 35. Bd2 Rg8 36. g5 1-0

[Event "Chigorin Memorial 21st"]
[Site "St Petersburg"]
[Date "2013.10.05"]
[Round "1"]
[White "Rybakova, Polina"]
[Black "Rozanov, Pavel B"]
[Result "0-1"]
[WhiteElo "1794"]
[BlackElo "2309"]
[PlyCount "40"]
[EventDate "2013.10.05"]
[EventType "swiss"]
[EventRounds "9"]
[EventCountry "RUS"]
[SourceTitle "CBM 156 Extra"]
[Source "ChessBase"]
[SourceDate "2013.10.22"]
[SourceVersion "1"]
[SourceVersionDate "2013.10.22"]
[SourceQuality "1"]

1. e4 e6 2. d4 d5 3. Nd2 c5 4. exd5 Qxd5 5. Ngf3 cxd4 6. Bc4 Qd6 7. 0-0 Nf6 8. Nb3 Nc6 9. Nbxd4 Nxd4 10. Nxd4 a6 11. Re1 Bd7 12. c3 Qc7 13. Bb3 0-0-0 14. Qe2 Bd6 15. h3 h6 16. Nf3 g5 17. Ne5 Be8 18. Bd2 Bxe5 19. Bxg5 Bh2+ 20. Kh1 hxg5 0-1

[Event "Chigorin Memorial 20th"]
[Site "St Petersburg"]
[Date "2012.11.04"]
[Round "9"]
[White "Elizarova, Taisia"]
[Black "Rybakova, Polina"]
[Result "1/2-1/2"]
[WhiteElo "1663"]
[BlackElo "1787"]
[PlyCount "65"]
[EventDate "2012.10.27"]
[EventType "swiss"]
[EventRounds "9"]
[EventCountry "RUS"]
[SourceTitle "EXT 2013"]
[Source "ChessBase"]
[SourceDate "2012.11.22"]
[SourceVersion "1"]
[SourceVersionDate "2012.11.22"]
[SourceQuality "1"]

1. d4 Nf6 2. c4 g6 3. Nc3 Bg7 4. e4 d6 5. Nf3 0-0 6. Be2 e5 7. 0-0 Nc6 8. d5 Ne7 9. Ne1 Ne8 10. Nd3 f5 11. Bd2 Nf6 12. f3 f4 13. c5 g5 14. cxd6 cxd6 15. Nf2 h5 16. Rc1 a6 17. b4 b5 18. a4 bxa4 19. Nxa4 Bd7 20. Ra1 Qc7 21. Nb2 Bb5 22. Bxb5 axb5 23. Qe2 Qb6 24. Ra5 Rfb8 25. Rfa1 Rxa5 26. Rxa5 Ne8 27. Nbd1 Nc7 28. Nc3 Kf7 29. Kf1 Nc8 30. Nfd1 Ne7 31. Nf2 Nc8 32. Nfd1 Ne7 33. Nf2 1/2-1/2

[Event "Chigorin Memorial 20th"]
[Site "St Petersburg"]
[Date "2012.10.29"]
[Round "3"]
[White "Maksimov, Dmitri"]
[Black "Rybakova, Polina"]
[Result "1-0"]
[WhiteElo "1982"]
[BlackElo "1787"]
[PlyCount "75"]
[EventDate "2012.10.27"]
[EventType "swiss"]
[EventRounds "9"]
[EventCountry "RUS"]
[SourceTitle "EXT 2013"]
[Source "ChessBase"]
[SourceDate "2012.11.22"]
[SourceVersion "1"]
[SourceVersionDate "2012.11.22"]
[SourceQuality "1"]

1. e4 c5 2. c3 d5 3. exd5 Qxd5 4. d4 Nf6 5. Nf3 Nc6 6. Be2 e6 7. 0-0 Be7 8. h3 0-0 9. Be3 cxd4 10. cxd4 a6 11. Nc3 Qd6 12. Rc1 b5 13. a4 b4 14. Nb1 Nd5 15. Nbd2 Bb7 16. Nc4 Qd8 17. Qd3 Rc8 18. Nfd2 f5 19. Nb3 a5 20. Bf3 Ba6 21. Rfe1 h6 22. Qd1 Rf6 23. Rc2 Bxc4 24. Rxc4 Na7 25. Qd3 Rxc4 26. Qxc4 Nc8 27. Nxa5 Qxa5 28. Qxc8+ Kh7 29. b3 Qb6 30. Qd7 Bd6 31. a5 Qc7 32. Qxc7 Bxc7 33. Ra1 Rf8 34. Bd2 Bd6 35. a6 Ra8 36. a7 g5 37. Ra6 Bf8 38. Rxe6 1-0

[Event "St Petersburg-ch sf (Women) 80th"]
[Site "St Petersburg"]
[Date "2012.02.05"]
[Round "9.6"]
[White "Tskhadadze, Anna"]
[Black "Rybakova, Polina"]
[Result "1/2-1/2"]
[WhiteElo "1842"]
[BlackElo "1778"]
[PlyCount "90"]
[EventDate "2012.01.28"]
[EventType "swiss"]
[EventRounds "9"]
[EventCountry "RUS"]
[SourceTitle "CBM 146 Extra"]
[Source "ChessBase"]
[SourceDate "2012.02.29"]
[SourceVersion "1"]
[SourceVersionDate "2012.02.29"]
[SourceQuality "1"]

1. Nf3 Nf6 2. g3 g6 3. Bg2 Bg7 4. 0-0 0-0 5. d3 d6 6. e4 Nbd7 7. h3 c6 8. Be3 Ne8 9. c3 d5 10. Nbd2 dxe4 11. Nxe4 Nef6 12. Nfd2 Nxe4 13. Nxe4 Ne5 14. Bd4 f5 15. Qb3+ Kh8 16. Ng5 Qe8 17. Bxe5 Bxe5 18. Rfe1 Bf6 19. Ne6 Bxe6 20. Rxe6 Qd7 21. Rae1 Qxd3 22. Qxb7 Rab8 23. Qxa7 Rxb2 24. Rxc6 Qd2 25. Qe3 Qxe3 26. Rxe3 Rxa2 27. Rc7 Rd8 28. Re1 Rdd2 29. Rf1 Rac2 30. Bb7 Rxc3 31. Rxc3 Bxc3 32. Kg2 Kg7 33. Bf3 Bd4 34. h4 e5 35. Kg1 h6 36. Bc6 f4 37. gxf4 exf4 38. Bf3 h5 39. Kg2 Kf6 40. Be4 g5 41. hxg5+ Kxg5 42. Kf3 Rxf2+ 43. Rxf2 Bxf2 44. Kxf2 h4 45. Kg2 f3+ 1/2-1/2

[Event "St Petersburg-ch sf (Women) 80th"]
[Site "St Petersburg"]
[Date "2012.01.30"]
[Round "3.2"]
[White "Kolesnikova, Kristina"]
[Black "Rybakova, Polina"]
[Result "1-0"]
[WhiteElo "1926"]
[BlackElo "1778"]
[PlyCount "57"]
[EventDate "2012.01.28"]
[EventType "swiss"]
[EventRounds "9"]
[EventCountry "RUS"]
[SourceTitle "CBM 146 Extra"]
[Source "ChessBase"]
[SourceDate "2012.02.29"]
[SourceVersion "1"]
[SourceVersionDate "2012.02.29"]
[SourceQuality "1"]

1. e4 c5 2. Nf3 d6 3. d4 cxd4 4. Nxd4 Nf6 5. Nc3 a6 6. f3 e5 7. Nb3 Be6 8. Bg5 Be7 9. Qd2 Nbd7 10. 0-0-0 0-0 11. g4 b5 12. Kb1 b4 13. Bxf6 Nxf6 14. Nd5 Bxd5 15. exd5 Qb6 16. h4 a5 17. h5 Rfc8 18. g5 Nd7 19. g6 fxg6 20. hxg6 h6 21. Rxh6 Nf8 22. Bh3 Rc7 23. Be6+ Nxe6 24. Rh8+ Kxh8 25. Qh2+ Bh4 26. Qxh4+ Kg8 27. dxe6 Qc6 28. Rh1 Kf8 29. Qg5 1-0